000 00698 a2200277 4500
003 00
005 20171016094441.0
008 171011b xxu||||| |||| 00| 0 eng d
020 _a2 10 049487 2
037 _b2, CIUF
037 _a08/535
037 _a08/535
040 _aBUAC
_bFre.
_cBUC
100 _aNeffati, Tahar
100 _lFr
245 _aL'électronique de A à Z :
_cTahar Neffati
_b 500 entrées et des exemples pour comprendre
260 _aParis :
260 _bDunod,
260 _c2006
300 _a288 p
_bcouv. en coul. ;
_c24 cm
630 _a SCIENCES APPLIQUEES
650 _a6 -
650 _aElectronique : dictionnaire
942 _cLBA
999 _c45920
_d45920